000 00499ntaaa2200193 4500
003 01
005 20251027202851.0
008 0714s1973 ag 01
040 _aAR-BaBN
_bspa
_cAR-BaBN
_eaacr
_dRIC
082 _a269.0000 W58
100 _aWhitesell, Faris D
245 _a65 ways to give an evangelistic invitation
250 _a1 ed.
260 _aGrand Rapids :
_bZondervan Publishing House,
_c1962
300 _a119 p
650 _aevangelismo
_9336
650 _asermones
_9362
942 _cBK
999 _c24049
_d24049